000 00829nam a2200241 i 4500
001 81052
003 ES-MaACL
005 20240129180132.0
007 t|
008 041102s1958 sp ||||1| spa d
080 _a811.124'03
100 1 _aHofmann, Johann Baptist.
_963961
245 1 3 _aEl latín familiar /
_cpor Johann Baptist Hofmann ; traducido y anotado por Juan Corominas.
260 _aMadrid :
_bInstituto "Antonio de Nebrija",
_c1958 (
_fSelecciones Gráf.)
300 _aXIX, 288 p. ;
_c25 cm.
490 1 _aManuales y anejos de Emérita ;
_v16
650 4 _aLengua latina vulgar.
_914309
700 1 _aCoromines, Joan,
_d1905-1997
_940667
710 2 _aInstituto Antonio de Nebrija.
_94795
830 1 _aManuales y anejos de Emérita ;
_v16
_9183691
852 4 _aES-MaACL
_jC-16917
999 _c81052
_d81052